000 00662nam a2200289Ia 4500
005 20260127112900.0
008 008 260114s9999 xx 000 0 eng d
020 _a8187943076
037 _aTextbook
040 _aPSDL
040 _beng
040 _cPSDL
041 _2eng
041 _aeng
084 _aY:45 P6
084 _qPSDL
245 4 _aThe Muslims of the Indian Sub-Continent After the 11th September Attacks
250 _a2nd
260 _aNew Delhi
260 _bIndia Research Press
260 _c2006
300 _a135p.
942 _cTB
942 _hY:45 P6
999 _c1672723
_d1672723